| 000 | 00947nam a2200289 i 4500 | ||
|---|---|---|---|
| 001 | bg | ||
| 245 | 0 | 0 |
_aKenia / _c[ed. Jeffrey Pike ; przygot. ed. pol. Bogdan Rudnicki ; tł. Jan Litwin-Staszewski]. |
| 246 |
_iTyt. oryg.: _aKenya |
||
| 260 |
_aWarszawa : _bMediaprofit, _c2005. |
||
| 300 |
_a335 s. : _bfot., il. kolor., mapy, pl. ; _c23 cm. |
||
| 490 | 1 |
_aBiblioteka Gazety Wyborczej. Podróże Marzeń ; _v15 |
|
| 500 | _aTyt. oryg.: "Kenya" 2004. Mapa i plan na wyklejkach. | ||
| 504 | _aIndeks. | ||
| 651 | 9 | _aKenia | |
| 655 | _aPrzewodniki turystyczne | ||
| 700 | 1 |
_aPIKE, Jeffrey. _eRed. |
|
| 700 | 1 |
_aRUDNICKI, Bogdan. _eOprac. |
|
| 700 | 1 |
_aLITWIN-STASZEWSKI, Jan. _eTł. |
|
| 830 | 0 |
_aBiblioteka Gazety Wyborczej.. _pPodróże Marzeń |
|
| 020 | _a8360174156 | ||
| 040 | _cBPK | ||
| 041 | 1 |
_apol _heng |
|
| 080 | _a913(676.2)(036) | ||
| 920 | _a83-60174-15-6 | ||
| 942 | _cKS | ||
| 008 | s pl f |000 0 pol | ||
| 999 |
_c51670 _d51670 |
||
| 856 |
_uhttp://koha.tu.koszalin.pl/cgi-bin/koha/opac-detail.pl?biblionumber=51670 _yKatalog online BPK |
||